00554 2200181 4500001002100000005001700021008004100038020002200079035002900101090001600130245004100146250001000187260002900197300001900226650002100245700004200266990006400308INLIS00000000002526220151223105811.0  a978-979-176-791-0 a##a0010-121500000000758 a741.5 Tim g aGempa Bumi (Seri komik Bencana Alam) aCet 1 aYogjakartabPostmoc2008 a16 hlm ; 21 cm aCerita Bergambar aTim Penyususn Seri Komik Bencana Alam a36490/Pusdacil/2015,36491/Pusdacil/2015,36492/Pusdacil/2015